Proto SASUKE 1st Stage Clears Quiz Stats

 Plays Quiz not verified by Sporcle

Support Sporcle.
Go Orange.
Score 0/42 Timer 10:00
0 Plays Today
% Correct
Makoto Nagano
72.1%
Keitaro Yamamoto
69.8%
Toshihiro Takeda
62.8%
Yuuji Urushihara
62.8%
Hitoshi Kanno
60.5%
David Campbell
58.1%
Kazuma Asa
55.8%
Brent Steffensen
53.5%
James McGrath
53.5%
Koji Hashimoto
53.5%
Kenji Takahashi
48.8%
Naoki Iketani
48.8%
Lee En-Chih
46.5%
Ryo Matachi
46.5%
Yusuke Morimoto
41.9%
Jun Sato
39.5%
Ryan Stratis
39.5%
David Rodriguez
37.2%
Drew Drechsel
37.2%
Hiromichi Sato
37.2%
Koki Someya
34.9%
% Correct
Levi Meeuwenberg
34.9%
Terukazu Ishikawa
34.9%
Isaiah How
32.6%
Wakky
32.6%
Farid Isham
30.2%
Derek Nakamoto
27.9%
Naoya Tajima
27.9%
Shinya Kishimoto
27.9%
Philip Scott
27.9%
Jordan Jovtchev
25.6%
Kinnikun Nakayama
25.6%
Ryoichi Arashida
25.6%
Takuya Kawahara
25.6%
Idoko Abuh
23.3%
Masakatzu Izuma
23.3%
Yousuke Kaneko
23.3%
Koki Sakamoto
20.9%
Daisuke Morikami
18.6%
Naoki Yokoyama
18.6%
Ryo Shirai
18.6%
Ryoma Kato
18.6%

You're not logged in!

Compare scores with friends on all Sporcle quizzes.
OR
Log In

From the Vault

Remove Ads.
Support Sporcle.
Get the best of Sporcle when you Go Orange. This ad-free experience offers more features, more stats, and more fun while also helping to support Sporcle. Thank you for becoming a member.

Show Comments

Extras

Created Oct 9, 2013ReportNominate
Tags:clear, sasuke, stage

Top Quizzes Today


Score Distribution

Your Account Isn't Verified!

In order to create a playlist on Sporcle, you need to verify the email address you used during registration. Go to your Sporcle Settings to finish the process.

Report this User

Report this user for behavior that violates our Community Guidelines.

Details: